| 000 | 00357pam a2200157a 44500 | ||
|---|---|---|---|
| 008 | 230515b2000 xxu||||| |||| 00| 0 eng d | ||
| 020 | _aNULL | ||
| 041 | _aENGL | ||
| 082 | _a620.11/ GERE. | ||
| 100 | _aGERE. & TIMOSHEENKO. | ||
| 245 | _aMECHANICS OF MATERIALS | ||
| 250 | _aN.D. | ||
| 260 |
_aNULL _bC.B.S _c2000 |
||
| 300 | _a762 PB | ||
| 650 | _aNULL | ||
| 999 |
_c632563 _d632563 |
||